| 000 | 00373 a2200133 4500 | ||
|---|---|---|---|
| 040 |
_aDLC _bDLC |
||
| 082 | _a891.4391 | ||
| 100 | _aSufi Ghulam Mustafa Tabassum. | ||
| 245 |
_aKuliaat-e-Sufi Tabassum _cSufi Ghulam Mustafa Tabassum |
||
| 260 |
_aLahore : _bAl-Hamd Publications, _c1998. |
||
| 300 |
_a656 p. ; _c22 cm. |
||
| 650 | _aUrdu Adab. | ||
| 942 |
_cBK _k891.4391 SOF _2ddc |
||
| 999 |
_c9496 _d9496 |
||